Equipes F1 - Logo Quiz #2 - Statistics

Estatísticas Gerais
  • Esse quiz foi jogado 70 vezes
  • A pontuação média é 9 de 10
Estatísticas das Respostas
Imagem Resposta % Correto
Ferrari
100%
Mercedes
100%
Red bull racing
100%
Mclaren
94%
Aston martin
92%
Williams
81%
Alpine
79%
Sauber
79%
Haas
77%
Racing bulls
51%
Nenhum quiz correspondente encontrado
Distribuição das Pontuações
Porcentagem de Pessoas com Cada Pontuação
Percentil de Números Respondidos
Sua Pontuação Histórica
Você não jogou esse quiz